Former Soviet States Quiz Stats

 Plays Quiz Updated Jun 8, 2018

Support Sporcle.
Go Orange.
Score 0/15 Timer 04:00
3 Plays Today
Grouping State % Correct
Eastern EuropeUkraine
91.8%
BalticLatvia
91%
BalticEstonia
89.8%
BalticLithuania
89.4%
Caucasus StatesGeorgia
84.9%
Eastern EuropeBelarus
84.6%
Central AsiaKazakhstan
83.9%
Central AsiaUzbekistan
82.2%
Grouping State % Correct
Central AsiaTurkmenistan
81.2%
Caucasus StatesAzerbaijan
75.6%
Central AsiaTajikistan
74.9%
Caucasus StatesArmenia
74.1%
EurasiaRussia
70.4%
Central AsiaKyrgyzstan
69.7%
Eastern EuropeMoldova
69.3%

From the Vault

Five Decade Movie Medley IX

by Year_of_Glad

Movies 7m
Imagine if we could merge movies in a medley together the same way we do it with music.
Remove Ads.
Support Sporcle.
Get the best of Sporcle when you Go Orange. This ad-free experience offers more features, more stats, and more fun while also helping to support Sporcle. Thank you for becoming a member.

Show Comments

Extras

Top Quizzes Today


Score Distribution

Your Account Isn't Verified!

In order to create a playlist on Sporcle, you need to verify the email address you used during registration. Go to your Sporcle Settings to finish the process.

Report this User

Report this user for behavior that violates our Community Guidelines.

Details: